Statistics for Countries Bordering Sudan

Click here to take the quiz!

General Stats

  • This quiz has been taken 34 times
  • The average score is 7 of 7

Answers on the Map

Answers color-coded by a green-red scale on the quiz's map according to % correct below.
 

Answer Stats

Country% Correct
Egypt
100%
Libya
100%
South Sudan
100%
Chad
96%
Eritrea
96%
Ethiopia
96%
Central African Republic
89%

Score Distribution

Percentile by Number Answered

Percent of People with Each Score

Your Score History

You have not taken this quiz